| 000 | 00469nam a2200181Ia 4500 | ||
|---|---|---|---|
| 005 | 20250603145933.0 | ||
| 008 | 250603s9999 xx 000 0 und d | ||
| 020 | _a978-2784-11-6 | ||
| 050 | _aHC 1055 .S777/ | ||
| 100 | _aAnyanwu, J. C… [et all] | ||
| 245 | 4 | _aThe structure of the Nigerian economy (1960-1997) | |
| 260 | _aOnitsha | ||
| 260 | _bJoanee Educatonal Publication Ltd. | ||
| 260 | _c1997 | ||
| 300 | _a661 p | ||
| 650 | _aOnitsha | ||
| 942 | _cBK | ||
| 999 |
_c43297 _d43297 |
||